000 00562cam a2200169 a 4500
020 _a8120404173
082 0 0 _a003.7
_bBAS
_cmC-L-21,P-75
100 1 _aBasu, S. K.,
_936460
245 1 0 _aOperations research for engineers
_cS.K. Basu ;
260 _aDelhi :
_bOxford and IBH publishing,
_c1989
300 _avii, 339 p. ;
_c22 cm.
500 _aBased on the author's thesis (Ph. D.--Patna University)
526 _a0
_b0
_c0
_d003_700000000000000_BAS
650 0 _aPolitical science
_zIndia
_xHistory
_936461
650 0 _aSocial justice.
_936462
942 _2ddc
_cBK
999 _c541521
_d541521